Southville International School and Colleges
Your cart is empty.
  • Cart
  • Lists
    Public lists Eva Luna New books Lux_list list_1
    Your lists Log in to create your own lists
  • Log in to your account
  • Your cookies
  • Search history
Southville International School and Colleges
  • Advanced search
  • Recent comments
  • Most popular
  • Libraries

Log in to your account

Log in with GOOGLE


If you do not have an external account, but do have a local account, you can still log in:

  1. Home
  2. MARC view: Huling hudhud ng sanlibong pagbabalik at paglimot para sa Filipinas kong mahal /
Normal view MARC view ISBD view

Huling hudhud ng sanlibong pagbabalik at paglimot para sa Filipinas kong mahal / (Record no. 17557)

[ view plain ]
MARC details
000 -LEADER
fixed length control field 00903cam a22003017a 4500
001 - CONTROL NUMBER
control field 15792317
003 - CONTROL NUMBER IDENTIFIER
control field OSt
005 - DATE AND TIME OF LATEST TRANSACTION
control field 20140310182932.0
008 - FIXED-LENGTH DATA ELEMENTS--GENERAL INFORMATION
fixed length control field 090626s2009 ph a 000 0 tgl
010 ## - LIBRARY OF CONGRESS CONTROL NUMBER
LC control number 2009316658
020 ## - INTERNATIONAL STANDARD BOOK NUMBER
International Standard Book Number 9789715848411
040 ## - CATALOGING SOURCE
Original cataloging agency DLC
Transcribing agency DLC
Modifying agency DLC
042 ## - AUTHENTICATION CODE
Authentication code lcode
050 00 - LIBRARY OF CONGRESS CALL NUMBER
Classification number PL 5531
Item number .Al444 2008
082 ## - DEWEY DECIMAL CLASSIFICATION NUMBER
Classification number FIL 398.21599
Item number Al6 2009
100 1# - MAIN ENTRY--PERSONAL NAME
Personal name Alma, Rio.
245 10 - TITLE STATEMENT
Title Huling hudhud ng sanlibong pagbabalik at paglimot para sa Filipinas kong mahal /
Statement of responsibility, etc Rio Alma.
260 ## - PUBLICATION, DISTRIBUTION, ETC. (IMPRINT)
Place of publication, distribution, etc Quezon City:
Name of publisher, distributor, etc Ce & E Pub.,
Date of publication, distribution, etc c2009.
300 ## - PHYSICAL DESCRIPTION
Extent 181 p. :
Other physical details col. ill. ;
Dimensions 22 cm.
650 ## - SUBJECT ADDED ENTRY--TOPICAL TERM
Topical term or geographic name as entry element Philippine literature.
650 ## - SUBJECT ADDED ENTRY--TOPICAL TERM
Topical term or geographic name as entry element Folk literature
General subdivision Philippines.
650 ## - SUBJECT ADDED ENTRY--TOPICAL TERM
Topical term or geographic name as entry element Epic
General subdivision Literature
-- Philippines.
906 ## - LOCAL DATA ELEMENT F, LDF (RLIN)
a 7
b cbc
c origode
d 4
e ncip
f 20
g y-gencatlg
942 ## - ADDED ENTRY ELEMENTS (KOHA)
Source of classification or shelving scheme Library of Congress Classification
Koha item type Books
Call number prefix Local
Holdings
Withdrawn status Lost status Source of classification or shelving scheme Damaged status Home library Current library Shelving location Date acquired Total Checkouts Full call number Barcode Date last seen Copy number Price effective from Koha item type
    Library of Congress Classification   College Library College Library Filipiniana Section 05/14/2013   PL 5531 .Al444 2008 C10683 05/08/2018 1 03/10/2014 Books
    Library of Congress Classification   College Library College Library Filipiniana Section 12/14/2013   PL 5531 .Al444 2008 C10684 05/08/2018 2 12/14/2013 Books

Huling hudhud ng sanlibong pagbabalik at paglimot para sa Filipinas kong mahal /

APA

Alma R., . (2009). Huling hudhud ng sanlibong pagbabalik at paglimot para sa Filipinas kong mahal. Quezon City: Ce & E Pub.

Chicago

Alma Rio, . 2009. Huling hudhud ng sanlibong pagbabalik at paglimot para sa Filipinas kong mahal. Quezon City: Ce & E Pub.

Harvard

Alma R., . (2009). Huling hudhud ng sanlibong pagbabalik at paglimot para sa Filipinas kong mahal. Quezon City: Ce & E Pub.

MLA

Alma Rio, . Huling hudhud ng sanlibong pagbabalik at paglimot para sa Filipinas kong mahal. Quezon City: Ce & E Pub. 2009.

  • Place hold
  • Print
  • Cite
  • Add to your cart (remove)
  • Save record
    BIBTEX Dublin Core MARCXML MARC (non-Unicode/MARC-8) MARC (Unicode/UTF-8) MARC (Unicode/UTF-8, Standard) MODS (XML) RIS
  • More searches
    Search for this title in:
    Other Libraries (WorldCat) Other Databases (Google Scholar) Online Stores (Bookfinder.com) Open Library (openlibrary.org)

Exporting to Dublin Core...

SOUTHVILLE LIBRARY

Southville International School and Colleges Library

1281 Tropical Ave. Cor. Luxembourg St., BF Homes International, Las Pinas City

Tel. No. 8256374 / 252358 Loc. 117/146

Powered by Koha